000 00370nam a2200145Ia 4500
008 230917s9999||||xx |||||||||||||| ||und||
040 _e81251
_aMAIN
041 _aEnglish
082 _a342.7 A36D
100 _aAziz, Abdul
245 0 _aDevelopment programmes for weaker sections
260 _aJaipur
_bPrintwell Publishers
_c1989
300 _ax, 104 p.
942 _cBK
999 _c58849
_d58849